| 000 | 00471nam a2200181Ia 4500 | ||
|---|---|---|---|
| 008 | 240925s9999 xx 000 0 und d | ||
| 020 | _a9788126515370 | ||
| 082 | _a515.35 ROS | ||
| 100 | _aRoss, Shepley L. | ||
| 245 | 0 | _aDifferential Equations | |
| 250 | _a3rd | ||
| 260 |
_aNew Delhi: _bJohn Wiley and Sons _c,2016. |
||
| 300 |
_a354p. _b0 _fOriginal |
||
| 500 | _aIncludes Index | ||
| 600 | _aHumanities & Natural Science | ||
| 650 | _aMathematics | ||
| 942 | _cBK | ||
| 999 |
_c16501 _d16501 |
||